| 000 | 00805cam a2200229 4500 | ||
|---|---|---|---|
| 001 | WB3615-24 | ||
| 008 | 000000n2000 000 0 eng u | ||
| 035 | _a(Sirsi) u105354 | ||
| 245 | _aIroning out the wrinkles | ||
| 260 | _c2000 | ||
| 490 |
_aEstates Gazette _v0014(8) 8 April 2000, 148(1) |
||
| 520 | _aLooks at Court of Appeal decisions which give guidance on contracting out of the Landlord and Tenant 1954 Part II. | ||
| 590 | _aWB | ||
| 650 | _aRECEIVER FOR THE METROPOLITAN POLICE DISTRICT V PALACEGATE PROPERTIES LTD | ||
| 650 | _aSCHOLL MANUFACTURING CO LTD V CLIFTON (SLIMLINE) LTD | ||
| 650 | _aCONTRACTING OUT | ||
| 650 | _aLANDLORD AND TENANT ACT 1954 PART II | ||
| 650 | _aFIXED TERM LEASES | ||
| 650 | _aBREAK CLAUSES | ||
| 690 | _aLANDLORD AND TENANT-LEASES | ||
| 942 | _n0 | ||
| 999 |
_c63156 _d63156 |
||